LEADER 01194nam a2200277 i 4500 001 000000085199 003 CaOOAMICUS 005 20160118000000.0 008 160118s2015 it u000 u ita u 013 $a57439 020 $a978-88-215-9564-6 040 $aSeMil$bita 100 1 $aLiguori, Alfonso Maria : de' ,$c.$0(OLS)http://semarc/name/4500 245 13$aLe virtù di Maria Santissima /$cAlfonso Maria de Liguori. 260 $aCinisello Balsamo :$bSan Paolo,$c2015. 300 $a155 p. ;$c19 cm. 490 0 $aBiblioteca mariana 650 4$aMadonna - Meditazioni.$0(OLS)http://semarc/subject/920 650 4$aLiguori, Alfonso Maria : de' - Mariologia.$0(OLS)http://semarc/subject/2665 830 0$aBiblioteca mariana.$0(OLS)http://semarc/title/44609 850 $aSeMil 852 $aSeMil$W1$xVenegono$y1$m2L VII 10$j49269$B49269$CSeMilBibl$Z2$F52798 $81 961 $aOmaggio: Delpini mons. Mario 996 $6020$a978-88-215-9564-6$9(OLS)http://semarc/number/65588 996 $6245$aLe virtù di Maria Santissima$9(OLS)http://semarc/title/131787 996 $6260$aCinisello Balsamo :$bSan Paolo$9(OLS)http://semarc/publisher/30129 LEADER 01010nam a2200229 i 4500 001 000000257869 003 CaOOAMICUS 005 20180330000000.0 008 180330s1814 xx u000 u fre u 013 $a236777 026 $ae.ea l-e. Etla l'Na (7) 1814 (A) 040 $aSeMil$bita 245 13$aLe Napoleonisme par m.r B.B. prêtre val-d'Aostain. 260 $aTurin :$bDe l'Imprimerie de Dominique Pane,$c1814. 300 $a69, [3] p. ;$c8º. 600 04$aNapoleone I : Bonaparte .$0(OLS)http://semarc/subject/350 700 1 $aPane, Domenico .$0(OLS)http://semarc/name/94867 773 0 $t[Opuscoli all'epoca della Rivoluzione francese.$w()4498 850 $aSeMil 852 $aSeMil$W1$xVenegono$y1$m3R VII 6/5 FA$j208215$B208215$CSeMilBibl$Z2$F221810 $8I 996 $6245$aLe Napoleonisme par m.r B.B. prêtre val-d'Aostain$9(OLS)http://semarc/title/413138 996 $6260$aTurin :$bDe l'Imprimerie de Dominique Pane$9(OLS)http://semarc/publisher/57711